| 000 | 00663nas a2200217 4500 | ||
|---|---|---|---|
| 001 | BR7905212 | ||
| 003 | BR-BrBNA | ||
| 005 | 20231205083911.0 | ||
| 007 | ta | ||
| 008 | 230509b bl.|||p| |||| 00| 00por d | ||
| 040 |
_aBR-BrBNA _bpor _cBiblioteca Nacional de Agricultura |
||
| 041 | _a(Pt) | ||
| 072 | _aK20 | ||
| 100 | 1 | _aAnon. | |
| 245 | 1 | _aDistorcoes podem provocar danos irreversiveis [Planejamento florestal] | |
| 650 | _aAdministracao florestal | ||
| 650 | _aPlanejamento florestal | ||
| 773 | 0 |
_tBrasil Madeira (Brazil) _xISSN 0100-3119 _g(Sep 1979), v. 3(33) p. 33-36 _wBR7905212 |
|
| 909 |
_a202311 _bLúcia _c55 _dLúcia Elande |
||
| 942 |
_2AGRIS _n0 _cANA |
||
| 999 |
_c101913 _d101913 |
||